Unique Demonyms - Statistics

General Stats
  • This quiz has been taken 16 times
  • The average score is 6 of 12
Answer Stats
Country Demonym % Correct
France French
73%
Cyprus Cypriot
64%
Netherlands Dutch
64%
Greece Greek
64%
Burkina Faso Burkinabé
55%
Philippines Filipino
45%
Switzerland Swiss
45%
Argentina Argentine
36%
Lesotho Basotho
36%
Madagascar Malagasy
36%
Kosovo Kosovar
27%
Monaco Monégasque
27%
No matching quizzes found
Score Distribution
Percent of People with Each Score
Percentile by Number Answered
Your Score History
You have not taken this quiz